Urynkowienie panstwa czy uspolecznienie rynku? kwestia socjalna w trzeciej rzeczypospolitej na przykladzie ubezpieczen spolecznych

Salvato in:
Dettagli Bibliografici
Autore principale: Rymsza, Marek
Natura: Libro
Lingua:polacco
Pubblicazione: Warszawa Wydawnictwo TEPIS 1998
Soggetti:
Tags: Aggiungi Tag
Nessun Tag, puoi essere il primo ad aggiungerne!!

MARC

LEADER 00000nam a2200000 4500
001 c117011
005 20221221083855.7
020 |a 83-85430-45-8 
041 0 |a pol 
044 |a PL 
245 1 0 |a Urynkowienie panstwa czy uspolecznienie rynku?  |b kwestia socjalna w trzeciej rzeczypospolitej na przykladzie ubezpieczen spolecznych  |c Marek Rymsza 
264 1 |a Warszawa  |b Wydawnictwo TEPIS  |c 1998 
300 |a 316 s. 
610 2 0 |a politika sociálna 
610 2 0 |a štát 
610 2 0 |a modely 
610 2 0 |a problémy spoločenské 
610 2 0 |a potreby sociálne 
610 2 0 |a zabezpečenie sociálne 
610 2 0 |a poistenie sociálne 
610 2 0 |a typológia 
610 2 0 |a reformy sociálne 
610 2 0 |a pomoc sociálna 
610 2 0 |a ochrana zdravia 
610 2 0 |a legislatíva 
610 2 0 |a projekty 
610 2 0 |a orgány štátne 
610 2 0 |a parlamenty 
610 2 0 |a financovanie projektové 
610 2 0 |a Poľsko 
100 1 |a Rymsza, Marek